Países que contêm uma letra - T - Statistics

Estatísticas Gerais
  • Esse quiz foi jogado 231 vezes
  • A pontuação média é 41 de 60
Estatísticas das Respostas
Categoria País % Correto
1 x T Turquia
96%
2 x T Turquemenistão
91%
1 x T Tunísia
86%
1 x T Austrália
85%
2 x T Tajiquistão
85%
1 x T Tailândia
82%
1 x T Estados Unidos
81%
1 x T Portugal
81%
1 x T Afeganistão
80%
1 x T Tanzânia
80%
1 x T Tuvalu
80%
2 x T Trinidad e Tobago
79%
1 x T Itália
77%
1 x T Letónia
77%
1 x T Lituânia
77%
1 x T Paquistão
77%
1 x T Togo
77%
1 x T Tonga
77%
1 x T Áustria
75%
1 x T Estônia
75%
1 x T Cazaquistão
74%
1 x T Costa Rica
74%
1 x T Argentina
73%
1 x T Quirguistão
73%
1 x T Taiwan
73%
1 x T Etiópia
72%
1 x T Vietname
71%
1 x T Costa do Marfim
70%
1 x T Vaticano
69%
1 x T São Tomé e Príncipe
68%
1 x T Uzbequistão
68%
1 x T Egito
67%
1 x T Butão
66%
1 x T Santa Lúcia
66%
2 x T Timor-Leste
66%
1 x T Catar
65%
1 x T Vanuatu
65%
1 x T Haiti
64%
1 x T São Cristóvão e Nevis
63%
1 x T São Vicente e Granadinas
63%
1 x T Antígua e Barbuda
61%
1 x T Botswana
61%
1 x T Guiné Equatorial
60%
1 x T Kuweit
60%
1 x T Arábia Saudita
59%
1 x T Eritreia
59%
2 x T Liechtenstein
59%
1 x T Malta
59%
1 x T Guatemala
58%
1 x T Mauritânia
58%
1 x T Montenegro
57%
1 x T Djibouti
54%
1 x T República Centro-Africana
54%
1 x T Estados Federados da Micronésia
53%
1 x T Kiribati
53%
1 x T Lesoto
53%
1 x T Coreia do Norte
51%
1 x T República Democrática do Congo
49%
1 x T Essuatíni
47%
1 x T Macedónia do Norte
44%
Nenhum quiz correspondente encontrado
Distribuição das Pontuações
Porcentagem de Pessoas com Cada Pontuação
Percentil de Números Respondidos
Sua Pontuação Histórica
Você não jogou esse quiz